000 00690nam a2200289Ia 4500
005 20260324134007.0
008 008 260324s9999 xx 000 0 eng d
020 _a9781315074429
037 _aEBOOK
040 _aCRL
040 _beng
040 _cCRL
041 _2eng
041 _aeng
084 _qCRL
100 _aHolger Koch-Nielsen
_91195170
245 0 _aStay Cool
245 2 _bA Design Guide for the Built Environment in Hot Climates
260 _bTaylor and Francis
260 _c2002
365 _a
365 _b290
856 _uhttp://www.taylorfrancis.com/books/9781315074429
942 _cEBOOK
999 _c1794779
_d1794779